Normale Ansicht MARC-Ansicht ISBD

Mit Gott, für Vaterland und Menschheit? : (Titelsatznr. 32237)

[ MARC ]
MARC-Details
000 -Satzkennung
Kontrollfeld mit fester Länge 01183nam a22003371c 4500
001 - Kontrollnummer
Kontrollfeld a987695698
003 - Kontrollnummer Identifier
Kontrollfeld RU-10907106
005 - Datum und Zeit der letzten Transaktion
Kontrollfeld 20220813174136.0
008 - Feld mit fester Länge zur physischen Beschreibung - Allgemeine Angaben
Kontrollfeld mit fester Länge 201218s2020 gw |||| 000u ger d
020 ## - Internationale Standardbuchnummer
Internationale Standardbuchnummer 9783525564851
-- 978-3-666-56485-7
Verknüpfung 978-3-525-56485-1
040 ## - Katalogisierungsquelle
Übertragungsstelle RU-10907106
041 ## - Sprachcode
Sprachcode des Textes/der Tonspur oder des separaten Titels ger
100 1# - Haupteintragung - Personenname
Personenname Berger, Joachim
Koha-Normdatenidentnummer 8881
245 00 - Titel
Titel Mit Gott, für Vaterland und Menschheit? :
Zusatz zum Titel eine europäische Geschichte des freimaurerischen Internationalismus (1845-1935) /
Verfasserangabe etc. von Joachim Berger
264 ## - Produktion, Veröffentlichung, Distribution, Herstellung und Urheberrechtsvermerk
Herstellungs-, Veröffentlichungs- Vertriebs-, Erzeugungsort Göttingen :
Produzent, Herausgeber, Distributor, Hersteller Vandenhoeck & Ruprecht,
Datum der Herstellung, der Veröffentlichung, des Vertriebs oder des Urheberschutzvermerks 2020
300 ## - Physische Beschreibung
Umfang 1 Online-Ressource (648 Seiten)
336 ## - Inhaltstyp
Inhaltstypterm Text
Inhaltstypcode txt
Quelle rdacontent
337 ## - Medientyp
Bezeichnung des Medientyps Computermedien
Medientypcode c
Quelle rdamedia
338 ## - Datenträgertyp
Datenträgertypbezeichnung Online-Ressource
Datenträgertypcode cr
Quelle rdacarrier
490 #0 - Gesamttitelangabe
Gesamttitelangabe Veröffentlichungen des Instituts für Europäische Geschichte Mainz
Bandnummer/Folgebezeichnung 259
500 ## - Allgemeine Fußnote
Allgemeine Fußnote E-Book / Open Access
650 #0 - Nebeneintragung unter einem Schlagwort - Sachschlagwort
Sachschlagwort oder geografischer Name als Eintragungselement Freimaurerei
Koha-Normdatenidentnummer 8882
650 #0 - Nebeneintragung unter einem Schlagwort - Sachschlagwort
Sachschlagwort oder geografischer Name als Eintragungselement Internationalismus
Koha-Normdatenidentnummer 8883
651 #0 - Nebeneintragung unter einem Schlagwort - Geografischer Name
Geografischer Name Deutschland
651 #0 - Nebeneintragung unter einem Schlagwort - Geografischer Name
Geografischer Name Großbritannien
651 #0 - Nebeneintragung unter einem Schlagwort - Geografischer Name
Geografischer Name Frankreich
651 #0 - Nebeneintragung unter einem Schlagwort - Geografischer Name
Geografischer Name Italien
655 ## - Indexierungsterm - Genre/Form
Genre/Form oder fokussierter Term Open Access
Koha-Normdatenidentnummer 4217
856 4# - Elektronische Adresse und Zugriff
URL <a href="https://doi.org/10.13109/9783666564857">https://doi.org/10.13109/9783666564857</a>
OPAC-Notiz frei zugänglich
942 ## - Zusätzliche Felder (Koha)
Koha-Medientyp E-Books
Klassifikation oder Aufstellungssystematik Andere/Generische Klassifikation
Exemplare
Ausgeschieden Verloren Beschädigt Nicht entleihbar Heimatbibliothek Aufenthaltsbibliothek Aufstellungsort Erwerbungsdatum Inventarnummer Signatur Barcode Letzte Aktivität Preis gültig von Koha-Medientyp
        MWN Osteuropa MWN Osteuropa Online-Ressource 18/12/2020 20-e01488 E-20-e01488 32241 18/03/2021 22/03/2021 E-Books